[Event "Titled Tuesday intern op 13th Feb Early"]
[Site "Chess.com INT"]
[Date "2024.02.13"]
[Round "1"]
[White "Kupervaser, Erez"]
[Black "Gormally, Daniel"]
[Result "0-1"]
[WhiteElo "2226"]
[BlackElo "2419"]
[PlyCount "80"]
[EventDate "2024.02.13"]
[EventType "swiss (blitz)"]
[EventRounds "11"]
[EventCountry "USA"]
[SourceTitle "CB08_2024"]
[SourceDate "2024.02.21"]
[SourceVersion "1"]
[SourceVersionDate "2024.02.21"]
[SourceQuality "1"]

1. e4 c5 2. Nf3 d6 3. Bb5+ Nd7 4. 0-0 Ngf6 5. Re1 a6 6. Bd3 b5 7. c4 Rb8 8. cxb5 axb5 9. Bf1 e5 10. Qb3 c4 11. Qd1 Be7 12. b3 cxb3 13. axb3 0-0 14. d4 exd4 15. Nxd4 Bb7 16. f3 b4 17. Kh1 g6 18. Bh6 Re8 19. Nd2 Ne5 20. Nc4 Nfd7 21. Nb5 Nxc4 22. Bxc4 Ne5 23. Qd4 Bc6 24. Na7 Bf6 25. Ra6 Nxf3 26. Nxc6 Nxd4 27. Nxd8 Rbxd8 28. Ra7 Re7 29. Rxe7 Bxe7 30. e5 d5 31. Bd3 Nxb3 32. e6 f5 33. h3 Nc5 34. Bb5 d4 35. Rc1 d3 36. Bd2 Ne4 37. Be3 d2 38. Rd1 b3 39. Bd7 b2 40. Rb1 Nc3 0-1

[Event "Maia op 7th"]
[Site "Maia"]
[Date "2023.09.01"]
[Round "8"]
[White "Sijpkens, Michiel"]
[Black "Kupervaser, Erez"]
[Result "1/2-1/2"]
[WhiteElo "2177"]
[BlackElo "2267"]
[PlyCount "81"]
[EventDate "2023.08.25"]
[EventType "swiss"]
[EventRounds "9"]
[EventCountry "POR"]
[SourceTitle "EXT 2024"]
[Source "ChessBase"]
[SourceDate "2023.10.10"]
[SourceVersion "1"]
[SourceVersionDate "2023.10.10"]
[SourceQuality "1"]

1. d4 d5 2. c4 c6 3. cxd5 cxd5 4. Bg5 Nc6 5. Nc3 Nf6 6. Bxf6 gxf6 7. Nf3 a6 8. e3 Bf5 9. Be2 e6 10. 0-0 Bd6 11. Rc1 0-0 12. Nh4 Bg6 13. f4 f5 14. g3 Rc8 15. Ng2 Qe7 16. Ne1 Rc7 17. Nd3 Rfc8 18. Bf3 Nb8 19. Rf2 Nd7 20. Rfc2 Nf6 21. h4 h6 22. Ne5 Bh7 23. Na4 Ne4 24. Nb6 Rd8 25. Bxe4 fxe4 26. Qh5 Rxc2 27. Rxc2 Bxe5 28. fxe5 Qb4 29. Nc8 Qe1+ 30. Kg2 Qxe3 31. Ne7+ Kg7 32. Rf2 Bg6 33. Nxg6 fxg6 34. Qg4 Rf8 35. Rxf8 Kxf8 36. Qxe6 Qe2+ 37. Kh3 Qf1+ 38. Kh2 Qf2+ 39. Kh3 Qf1+ 40. Kh2 Qf2+ 41. Kh3 1/2-1/2

[Event "Titled Tuesday intern op 22nd Aug Late"]
[Site "Chess.com INT"]
[Date "2023.08.22"]
[Round "5"]
[White "Kupervaser, Erez"]
[Black "Boor, Carl Brandon"]
[Result "0-1"]
[WhiteElo "2267"]
[BlackElo "2231"]
[PlyCount "120"]
[EventDate "2023.08.22"]
[EventType "swiss (blitz)"]
[EventRounds "11"]
[EventCountry "USA"]
[SourceTitle "EXT 2024"]
[Source "ChessBase"]
[SourceDate "2023.10.10"]
[SourceVersion "1"]
[SourceVersionDate "2023.10.10"]
[SourceQuality "1"]

1. e4 e5 2. Nf3 Nf6 3. Nxe5 d6 4. Nf3 Nxe4 5. d4 d5 6. Bd3 Be7 7. 0-0 Bf5 8. c4 0-0 9. Re1 Nc6 10. Nc3 Nxc3 11. bxc3 Bxd3 12. Qxd3 b6 13. cxd5 Qxd5 14. c4 Qd7 15. Bb2 Bf6 16. Rad1 Rfe8 17. Rxe8+ Rxe8 18. h3 g6 19. Bc1 Na5 20. c5 Qa4 21. Bf4 bxc5 22. Bxc7 c4 23. Qb1 Rc8 24. Bxa5 Qxa5 25. Qb7 Qc7 26. Qxc7 Rxc7 27. Rc1 Kf8 28. Kf1 Ke7 29. Ke2 Kd6 30. Nd2 Kd5 31. Nf3 Rb7 32. Rc2 a5 33. Kd2 a4 34. Kc3 a3 35. Re2 Rb1 36. Ne5 Rc1+ 37. Kd2 Ra1 38. Kc3 Rd1 39. Nf3 Rd3+ 40. Kc2 Bxd4 41. Nxd4 Kxd4 42. Re7 f5 43. Rd7+ Ke4 44. f3+ Ke3 45. Rxh7 Kf2 46. Rg7 Kxg2 47. Rxg6+ Kxf3 48. Rf6 Kf4 49. Rc6 Rxh3 50. Rxc4+ Kg5 51. Rc5 Kg4 52. Rc8 f4 53. Rg8+ Kf3 54. Kb3 Kf2+ 55. Kb4 Re3 56. Rf8 f3 57. Rf4 Ke2 58. Kc4 f2 59. Kd4 Rf3 60. Re4+ Kd2 0-1

[Event "Titled Tuesday intern op 22nd Aug Early"]
[Site "Chess.com INT"]
[Date "2023.08.22"]
[Round "5"]
[White "Kupervaser, Erez"]
[Black "Perez, Maximiliano"]
[Result "1-0"]
[WhiteElo "2267"]
[BlackElo "2383"]
[PlyCount "69"]
[EventDate "2023.08.22"]
[EventType "swiss (blitz)"]
[EventRounds "11"]
[EventCountry "USA"]
[SourceTitle "EXT 2024"]
[Source "ChessBase"]
[SourceDate "2023.10.10"]
[SourceVersion "1"]
[SourceVersionDate "2023.10.10"]
[SourceQuality "1"]

1. e4 c5 2. Nf3 Nc6 3. Bb5 g6 4. 0-0 Bg7 5. c3 Nf6 6. d4 d5 7. e5 Ne4 8. Nfd2 Nxd2 9. Nxd2 0-0 10. Bxc6 bxc6 11. Nb3 c4 12. Nc5 f6 13. f4 Bf5 14. Be3 Qb6 15. b3 cxb3 16. axb3 a5 17. h3 Bc8 18. Qd2 f5 19. Rfb1 Ra7 20. Ra4 Ba6 21. Rba1 Bb5 22. R4a3 Rfa8 23. Bf2 a4 24. bxa4 Bc4 25. Qc1 Bh6 26. Be3 Rb8 27. a5 Qb2 28. Qe1 Kf7 29. Na4 Qb5 30. Nb6 Bd3 31. Qh4 Bg7 32. Qxh7 Rh8 33. Qxh8 Bxh8 34. Nc8 Rc7 35. a6 1-0

[Event "Titled Tuesday intern op 22nd Aug Early"]
[Site "Chess.com INT"]
[Date "2023.08.22"]
[Round "7"]
[White "Kupervaser, Erez"]
[Black "Zhu, Jiner"]
[Result "0-1"]
[WhiteElo "2267"]
[BlackElo "2498"]
[PlyCount "96"]
[EventDate "2023.08.22"]
[EventType "swiss (blitz)"]
[EventRounds "11"]
[EventCountry "USA"]
[SourceTitle "EXT 2024"]
[Source "ChessBase"]
[SourceDate "2023.10.10"]
[SourceVersion "1"]
[SourceVersionDate "2023.10.10"]
[SourceQuality "1"]

1. e4 e5 2. Nf3 Nc6 3. Bb5 a6 4. Ba4 d6 5. 0-0 g6 6. c3 Bg7 7. d4 Bd7 8. d5 Nce7 9. Bc2 h6 10. c4 f5 11. Nc3 Nf6 12. exf5 Nxf5 13. c5 0-0 14. Re1 Kh8 15. Rb1 Qe8 16. b4 Qf7 17. Bb3 Rae8 18. c6 Bc8 19. b5 e4 20. Nd2 e3 21. fxe3 Nxe3 22. Qf3 Nfg4 23. Qxf7 Rxf7 24. Nde4 Bd4 25. Bxe3 Bxe3+ 26. Kh1 axb5 27. h3 Bf2 28. hxg4 Bxe1 29. Rxe1 b4 30. Nb5 Rfe7 31. Bc2 bxc6 32. dxc6 Bxg4 33. Rf1 Bf5 34. Nf6 Rf8 35. Bxf5 Rxf6 36. Bd3 Rxf1+ 37. Bxf1 Kg7 38. Kg1 Kf6 39. Kf2 Ke5 40. Bd3 g5 41. Be2 Kd5 42. Bf3+ Kc5 43. Na7 d5 44. Nc8 Re5 45. Kg3 d4 46. Kf2 d3 47. Na7 Kd4 48. Nb5+ Rxb5 0-1

[Event "Titled Tuesday intern op 22nd Aug Late"]
[Site "Chess.com INT"]
[Date "2023.08.22"]
[Round "3"]
[White "Ozates, Tuna"]
[Black "Kupervaser, Erez"]
[Result "0-1"]
[WhiteElo "2281"]
[BlackElo "2267"]
[PlyCount "44"]
[EventDate "2023.08.22"]
[EventType "swiss (blitz)"]
[EventRounds "11"]
[EventCountry "USA"]
[SourceTitle "EXT 2024"]
[Source "ChessBase"]
[SourceDate "2023.10.10"]
[SourceVersion "1"]
[SourceVersionDate "2023.10.10"]
[SourceQuality "1"]

1. e4 c5 2. Nf3 d6 3. c3 Nf6 4. Bd3 g6 5. Bc2 Bg7 6. 0-0 0-0 7. d4 cxd4 8. cxd4 Bg4 9. h3 Bxf3 10. Qxf3 Nc6 11. Rd1 Nd7 12. Be3 Qb6 13. Nc3 Qxb2 14. Rab1 Qxc3 15. Rxb7 Qxc2 16. Rxd7 Rab8 17. Kh2 Qa4 18. Rc7 Nxd4 19. Bxd4 Bxd4 20. Rxe7 Rb2 21. Rf1 Qxa2 22. Kg3 Rb3 0-1

[Event "Titled Tuesday intern op 15th Aug Late"]
[Site "Chess.com INT"]
[Date "2023.08.15"]
[Round "2"]
[White "Cordova, Emilio"]
[Black "Kupervaser, Erez"]
[Result "1-0"]
[WhiteElo "2538"]
[BlackElo "2267"]
[PlyCount "75"]
[EventDate "2023.08.15"]
[EventType "swiss (blitz)"]
[EventRounds "11"]
[EventCountry "USA"]
[SourceTitle "EXT 2024"]
[Source "ChessBase"]
[SourceDate "2023.10.10"]
[SourceVersion "1"]
[SourceVersionDate "2023.10.10"]
[SourceQuality "1"]

1. c4 c5 2. a3 g6 3. g3 Bg7 4. Bg2 Nc6 5. Nc3 Nh6 6. d3 Nf5 7. Nf3 0-0 8. 0-0 a6 9. Bd2 Rb8 10. b4 cxb4 11. axb4 Nxb4 12. Rb1 Nc6 13. e3 e5 14. Qa4 Nfe7 15. Ng5 d6 16. Qa3 f5 17. f4 h6 18. Nh3 Be6 19. Nd5 Kh7 20. Rfc1 Qe8 21. Qxd6 Qf7 22. Nc7 Bc8 23. Nxa6 Ra8 24. Nc7 Ra2 25. Bc3 Rd8 26. Qc5 Rxd3 27. Nf2 Rxc3 28. Rxc3 exf4 29. Ra3 fxe3 30. Rxa2 exf2+ 31. Kh1 Bd4 32. Qb5 Be6 33. Nd5 Nxd5 34. cxd5 Ne7 35. dxe6 Qxe6 36. Qe2 Qd6 37. Rxb7 h5 38. Qxe7+ 1-0

[Event "Titled Tuesday intern op 15th Aug Late"]
[Site "Chess.com INT"]
[Date "2023.08.15"]
[Round "7"]
[White "Todorovic, Bojan"]
[Black "Kupervaser, Erez"]
[Result "1-0"]
[WhiteElo "2195"]
[BlackElo "2267"]
[PlyCount "57"]
[EventDate "2023.08.15"]
[EventType "swiss (blitz)"]
[EventRounds "11"]
[EventCountry "USA"]
[SourceTitle "EXT 2024"]
[Source "ChessBase"]
[SourceDate "2023.10.10"]
[SourceVersion "1"]
[SourceVersionDate "2023.10.10"]
[SourceQuality "1"]

1. d4 d5 2. c4 c6 3. Nf3 Nf6 4. Nc3 e6 5. e3 Nbd7 6. Qc2 Bd6 7. b3 0-0 8. Be2 Re8 9. 0-0 a6 10. a4 Qe7 11. Bb2 e5 12. cxd5 cxd5 13. dxe5 Nxe5 14. Nd4 g6 15. Rac1 Neg4 16. g3 h5 17. Bf3 Ne5 18. Bg2 h4 19. Nxd5 Nxd5 20. Bxd5 hxg3 21. hxg3 Bh3 22. Bg2 Bxg2 23. Kxg2 Ng4 24. Qe2 Qg5 25. Nf3 Nxe3+ 26. Qxe3 Rxe3 27. Nxg5 Rxb3 28. Bf6 Re8 29. Rh1 1-0

[Event "Titled Tuesday intern op 08th Aug Late"]
[Site "Chess.com INT"]
[Date "2023.08.08"]
[Round "2"]
[White "Diaz Garcia, Lianet"]
[Black "Kupervaser, Erez"]
[Result "0-1"]
[WhiteElo "1999"]
[BlackElo "2267"]
[PlyCount "58"]
[EventDate "2023.08.08"]
[EventType "swiss (blitz)"]
[EventRounds "11"]
[EventCountry "USA"]
[SourceTitle "EXT 2024"]
[Source "ChessBase"]
[SourceDate "2023.10.10"]
[SourceVersion "1"]
[SourceVersionDate "2023.10.10"]
[SourceQuality "1"]

1. e4 c5 2. Nf3 Nc6 3. d4 cxd4 4. Nxd4 Nf6 5. Nc3 e5 6. Ndb5 d6 7. Bg5 a6 8. Na3 b5 9. Nd5 Be7 10. Bxf6 Bxf6 11. c4 b4 12. Nc2 0-0 13. Be2 a5 14. 0-0 Bg5 15. Qd3 f5 16. Bf3 Kh8 17. Rfd1 Ra7 18. a3 bxa3 19. Rxa3 Raf7 20. Nde3 fxe4 21. Qxe4 Bxe3 22. Qxc6 Bc5 23. Rb3 Bd7 24. Qd5 Ba4 25. Rc3 Bb4 26. Nxb4 axb4 27. Rcd3 Bxd1 28. Rxd1 Rf6 29. c5 Qa5 0-1

[Event "Titled Tuesday intern op 01st Aug Early"]
[Site "Chess.com INT"]
[Date "2023.08.01"]
[Round "1"]
[White "Kupervaser, Erez"]
[Black "Kaminski, Victor Kazimierz"]
[Result "0-1"]
[WhiteElo "2267"]
[BlackElo "2247"]
[PlyCount "132"]
[EventDate "2023.08.01"]
[EventType "swiss (blitz)"]
[EventRounds "11"]
[EventCountry "USA"]
[SourceTitle "EXT 2024"]
[Source "ChessBase"]
[SourceDate "2023.10.10"]
[SourceVersion "1"]
[SourceVersionDate "2023.10.10"]
[SourceQuality "1"]

1. e4 e5 2. Nf3 Nc6 3. Bb5 a6 4. Ba4 Nf6 5. 0-0 Be7 6. Re1 b5 7. Bb3 0-0 8. a4 Bb7 9. d3 d6 10. Bd2 Qd7 11. Na3 Nd4 12. Nxd4 exd4 13. axb5 axb5 14. c3 dxc3 15. bxc3 c5 16. f3 Bc6 17. Qe2 d5 18. e5 Ne8 19. c4 Nc7 20. Nc2 Rxa1 21. Rxa1 bxc4 22. dxc4 d4 23. Ne1 Rb8 24. Bc2 Ne6 25. f4 g6 26. f5 Nf8 27. Qf2 Rb2 28. Bc1 Rxc2 29. Qxc2 gxf5 30. Qf2 Ng6 31. Nd3 Be4 32. Nf4 Bh4 33. g3 Be7 34. Ra6 Bb7 35. e6 Nxf4 36. exd7 Nh3+ 37. Kf1 Nxf2 38. Ra7 Bc6 39. Kxf2 Bd8 40. Bf4 Kf8 41. Bd6+ Kg7 42. Bxc5 Kf6 43. Bxd4+ Ke6 44. Ke3 Bxd7 45. Ra6+ Ke7 46. Kf3 Ke8 47. Ra8 Bc6+ 48. Kf4 Bxa8 49. Kxf5 Bc6 50. Be5 Bd7+ 51. Ke4 Be6 52. Kd4 Kd7 53. h4 Kc6 54. Bg7 h5 55. c5 Bc7 56. Bf8 Bxg3 57. Ke3 Bxh4 58. Kf4 Bf2 59. Kg5 h4 60. Bd6 h3 61. Kf6 Bxc5 62. Bh2 Bd4+ 63. Ke7 Kd5 64. Ke8 f5 65. Ke7 Be5 66. Bg1 h2 0-1

[Event "Titled Tuesday intern op 25th Jul Late"]
[Site "Chess.com INT"]
[Date "2023.07.25"]
[Round "2"]
[White "Osmonbekov, Talaibek D"]
[Black "Kupervaser, Erez"]
[Result "1-0"]
[WhiteElo "2137"]
[BlackElo "2262"]
[PlyCount "61"]
[EventDate "2023.07.25"]
[EventType "swiss (blitz)"]
[EventRounds "11"]
[EventCountry "USA"]
[SourceTitle "EXT 2024"]
[Source "ChessBase"]
[SourceDate "2023.10.10"]
[SourceVersion "1"]
[SourceVersionDate "2023.10.10"]
[SourceQuality "1"]

1. d4 d5 2. Bf4 Nf6 3. Nc3 e6 4. e3 Bb4 5. Bd3 c5 6. dxc5 Bxc3+ 7. bxc3 Qa5 8. Ne2 Qxc5 9. 0-0 Nc6 10. Bg5 Nd7 11. Rb1 e5 12. Bf5 Nb6 13. Ng3 Qxc3 14. Qg4 h5 15. Qh3 Bxf5 16. Nxf5 Kf8 17. Nd6 Qxc2 18. e4 Nd4 19. Rxb6 Qc7 20. Rxb7 Qxd6 21. Be7+ Qxe7 22. Rxe7 Kxe7 23. exd5 Rhc8 24. Qxh5 f6 25. f4 exf4 26. d6+ Kf8 27. d7 Rd8 28. Qc5+ Kg8 29. Qxd4 Rab8 30. Rxf4 Rb7 31. Qd5+ 1-0

[Event "Belgrade Serbia op"]
[Site "Belgrade"]
[Date "2023.07.21"]
[Round "6"]
[White "Ajay, Karthikeyan"]
[Black "Kupervaser, Erez"]
[Result "1-0"]
[WhiteElo "2441"]
[BlackElo "2262"]
[PlyCount "71"]
[EventDate "2023.07.16"]
[EventType "swiss"]
[EventRounds "9"]
[EventCountry "SRB"]
[SourceTitle "CBM 215 Extra"]
[Source "ChessBase"]
[SourceDate "2023.09.30"]
[SourceVersion "1"]
[SourceVersionDate "2023.09.30"]
[SourceQuality "1"]

1. d4 d5 2. Bf4 Nf6 3. e3 e6 4. Nf3 Bd6 5. Ne5 0-0 6. Nd2 c5 7. c3 Nc6 8. Bd3 Qc7 9. Ndf3 h6 10. Bg3 Nd7 11. Nxd7 Qxd7 12. Qe2 f5 13. Bb5 cxd4 14. cxd4 Bb4+ 15. Kf1 Qd8 16. a3 Be7 17. Bd3 Bd7 18. b4 a6 19. h3 Na7 20. Kg1 Bb5 21. Ne5 Bd6 22. Kh2 Rc8 23. Rhc1 Bxe5 24. Bxe5 Qd7 25. Rc5 b6 26. Bxb5 Nxb5 27. Rxc8 Qxc8 28. a4 Na7 29. b5 axb5 30. axb5 Qb7 31. Qa2 Nxb5 32. Qa6 Qd7 33. Qxb6 Rf7 34. Qc5 Re7 35. Ra6 Kh7 36. Rc6 1-0

[Event "Belgrade Serbia op"]
[Site "Belgrade"]
[Date "2023.07.17"]
[Round "2"]
[White "Kupervaser, Erez"]
[Black "Simonovic, Miroslav"]
[Result "1-0"]
[WhiteElo "2262"]
[BlackElo "2082"]
[PlyCount "85"]
[EventDate "2023.07.16"]
[EventType "swiss"]
[EventRounds "9"]
[EventCountry "SRB"]
[SourceTitle "CBM 215 Extra"]
[Source "ChessBase"]
[SourceDate "2023.09.30"]
[SourceVersion "1"]
[SourceVersionDate "2023.09.30"]
[SourceQuality "1"]

1. e4 c5 2. Nf3 Nc6 3. Bb5 g6 4. 0-0 Bg7 5. c3 e5 6. d4 exd4 7. cxd4 Nxd4 8. Nxd4 cxd4 9. Bf4 Qf6 10. Bc7 a6 11. e5 Qe6 12. Bd3 Ne7 13. Nd2 b5 14. Ne4 Bxe5 15. Ng5 Qf6 16. Bxe5 Qxe5 17. Nxf7 Kxf7 18. Qf3+ Qf6 19. Qxa8 Qc6 20. Qa7 Qd6 21. a4 b4 22. Be4 Re8 23. Rad1 Nc6 24. Bxc6 Qxc6 25. Qxd4 Qxa4 26. Qc4+ Kg7 27. Rde1 d6 28. Qd4+ Kf7 29. Rxe8 Qxe8 30. Qf4+ Bf5 31. Qxb4 Qc6 32. f3 h5 33. Rd1 d5 34. Qd4 Be6 35. h4 Qc2 36. Rd2 Qc1+ 37. Kh2 Qc7+ 38. Kg1 Qc1+ 39. Kf2 Qc7 40. Re2 Qh2 41. Qa7+ Kf6 42. Qb6 Qxh4+ 43. Kg1 1-0

[Event "Titled Tuesday intern op 04th Jul Early"]
[Site "Chess.com INT"]
[Date "2023.07.04"]
[Round "4"]
[White "Acikel, Mert"]
[Black "Kupervaser, Erez"]
[Result "0-1"]
[WhiteElo "2222"]
[BlackElo "2262"]
[PlyCount "52"]
[EventDate "2023.07.04"]
[EventType "swiss (blitz)"]
[EventRounds "11"]
[EventCountry "USA"]
[SourceTitle "EXT 2024"]
[Source "ChessBase"]
[SourceDate "2023.10.10"]
[SourceVersion "1"]
[SourceVersionDate "2023.10.10"]
[SourceQuality "1"]

1. e4 c5 2. Nf3 Nc6 3. Bb5 Nf6 4. Nc3 g6 5. 0-0 Bg7 6. e5 Ng4 7. Bxc6 dxc6 8. Re1 0-0 9. d3 Nh6 10. Bf4 Nf5 11. a4 a5 12. Ne4 b6 13. Qd2 Nd4 14. Nxd4 cxd4 15. h3 c5 16. Ng5 Qd5 17. Nf3 Bxh3 18. Qe2 Bg4 19. b3 h5 20. Qe4 Bxf3 21. gxf3 Qe6 22. Bg5 Rae8 23. Kg2 Kh7 24. Rh1 Qxe5 25. Rxh5+ Kg8 26. Rh4 Qxg5+ 0-1

[Event "Titled Tuesday intern op 04th Jul Early"]
[Site "Chess.com INT"]
[Date "2023.07.04"]
[Round "1"]
[White "Kupervaser, Erez"]
[Black "Livaic, Leon"]
[Result "1-0"]
[WhiteElo "2262"]
[BlackElo "2565"]
[PlyCount "83"]
[EventDate "2023.07.04"]
[EventType "swiss (blitz)"]
[EventRounds "11"]
[EventCountry "USA"]
[SourceTitle "EXT 2024"]
[Source "ChessBase"]
[SourceDate "2023.10.10"]
[SourceVersion "1"]
[SourceVersionDate "2023.10.10"]
[SourceQuality "1"]

1. e4 c5 2. Nf3 e6 3. d4 cxd4 4. Nxd4 Nf6 5. Nc3 Nc6 6. Nxc6 bxc6 7. e5 Nd5 8. Ne4 Qc7 9. f4 Rb8 10. c4 Bb4+ 11. Ke2 0-0 12. cxd5 cxd5 13. Ng5 h6 14. Nf3 f6 15. Qd3 fxe5 16. fxe5 Rb6 17. Kd1 Ba6 18. Qg6 Bxf1 19. Rxf1 Qc4 20. Rf2 Rf5 21. Bxh6 Qd3+ 22. Nd2 Bf8 23. g4 Rf3 24. Qxd3 Rxd3 25. Kc2 Rh3 26. Bf4 Rc6+ 27. Kd1 Rd3 28. Ke2 Rd4 29. h3 Rc2 30. Be3 Re4 31. Kd3 Rxe3+ 32. Kxe3 Bc5+ 33. Kd3 Rxb2 34. Re2 Bb4 35. Nf3 Rxe2 36. Kxe2 Kf7 37. Kd3 Ke7 38. Rb1 Bc5 39. Rb7 Bb6 40. Rb8 d6 41. Rb7+ Bc7 42. Rxc7+ 1-0

[Event "ISR-chT"]
[Site "Israel"]
[Date "2023.05.12"]
[Round "11.4"]
[White "Tzidkiya, Yeshaayahu"]
[Black "Kupervaser, Erez"]
[Result "1-0"]
[WhiteElo "2415"]
[BlackElo "2293"]
[PlyCount "43"]
[EventDate "2023.01.11"]
[EventType "team-tourn"]
[EventRounds "11"]
[EventCountry "ISR"]
[SourceTitle "EXT 2024"]
[Source "ChessBase"]
[SourceDate "2023.10.10"]
[SourceVersion "1"]
[SourceVersionDate "2023.10.10"]
[SourceQuality "1"]
[WhiteTeam "Petah Tikva"]
[BlackTeam "Haifa Nesher"]
[WhiteTeamCountry "ISR"]
[BlackTeamCountry "ISR"]

1. e4 e5 2. Nf3 Nc6 3. Bb5 Nf6 4. d4 Nxe4 5. Qe2 Nd6 6. Bxc6 bxc6 7. dxe5 Nb7 8. 0-0 Be7 9. Nc3 Nc5 10. Nd4 0-0 11. Rd1 Qe8 12. Nf5 Ne6 13. Ne4 Rb8 14. b3 Rb5 15. Bb2 d5 16. Nf6+ gxf6 17. exf6 d4 18. Qg4+ Kh8 19. fxe7 Rxf5 20. exf8R+ Nxf8 21. Qxd4+ f6 22. Qd8 1-0

[Event "ISR-chT"]
[Site "Israel"]
[Date "2023.02.04"]
[Round "6.4"]
[White "Sutovsky, Emil"]
[Black "Kupervaser, Erez"]
[Result "1-0"]
[WhiteElo "2615"]
[BlackElo "2293"]
[PlyCount "95"]
[EventDate "2023.01.11"]
[EventType "team-tourn"]
[EventRounds "11"]
[EventCountry "ISR"]
[SourceTitle "EXT 2024"]
[Source "ChessBase"]
[SourceDate "2023.10.10"]
[SourceVersion "1"]
[SourceVersionDate "2023.10.10"]
[SourceQuality "1"]
[WhiteTeam "Ashdod"]
[BlackTeam "Haifa Nesher"]
[WhiteTeamCountry "ISR"]
[BlackTeamCountry "ISR"]

1. e4 c5 2. Nf3 d6 3. d4 cxd4 4. Nxd4 Nf6 5. Nc3 g6 6. Be3 Nc6 7. f3 h5 8. Qd2 Nxd4 9. Bxd4 Bh6 10. Qf2 Qa5 11. Bb5+ Kf8 12. Rd1 e5 13. Be3 Bxe3 14. Qxe3 Be6 15. Rxd6 Rc8 16. 0-0 Qb4 17. Rd3 a6 18. Ba4 Bc4 19. a3 Qe7 20. f4 Ng4 21. Qb6 Bxd3 22. cxd3 exf4 23. Rxf4 Qc7 24. Qb4+ Kg7 25. g3 Qc5+ 26. Qxc5 Rxc5 27. h3 Nf6 28. d4 Rc4 29. e5 Nd5 30. Nxd5 Rxa4 31. Nb6 Ra5 32. a4 Rd8 33. b4 Rad5 34. Nxd5 Rxd5 35. h4 f6 36. exf6+ Kf7 37. Kf2 g5 38. hxg5 Rxg5 39. Kf3 b6 40. Kf2 Rd5 41. Ke3 Rg5 42. Kf3 Rg8 43. d5 Rg5 44. Rd4 Rf5+ 45. Ke3 Rg5 46. d6 Rg8 47. d7 Rd8 48. Rd6 1-0

[Event "ISR-chT"]
[Site "Israel"]
[Date "2023.01.18"]
[Round "4.1"]
[White "Yaniv, Yuval"]
[Black "Kupervaser, Erez"]
[Result "1/2-1/2"]
[WhiteElo "2366"]
[BlackElo "2293"]
[PlyCount "142"]
[EventDate "2023.01.11"]
[EventType "team-tourn"]
[EventRounds "11"]
[EventCountry "ISR"]
[SourceTitle "CBM 212 Extra"]
[Source "ChessBase"]
[SourceDate "2023.03.31"]
[SourceVersion "1"]
[SourceVersionDate "2023.03.31"]
[SourceQuality "1"]
[WhiteTeam "Netanya"]
[BlackTeam "Haifa Nesher"]
[WhiteTeamCountry "ISR"]
[BlackTeamCountry "ISR"]

1. e4 c5 2. Nf3 g6 3. d4 cxd4 4. Qxd4 Nf6 5. Nc3 Nc6 6. Qa4 d6 7. e5 dxe5 8. Nxe5 Bd7 9. Nxd7 Nxd7 10. Bb5 Bg7 11. 0-0 0-0 12. Be3 Rc8 13. Rad1 a6 14. Be2 e5 15. Bf3 Nd4 16. Bxd4 exd4 17. Ne2 Nc5 18. Qa3 Re8 19. Nxd4 Bxd4 20. c3 Bxf2+ 21. Rxf2 Qg5 22. Bd5 Rc7 23. Qb4 Qe3 24. Qf4 Qxf4 25. Rxf4 Kg7 26. Bf3 b5 27. Rfd4 Na4 28. R1d2 Nb6 29. b3 Rxc3 30. Rd6 Re6 31. Bg4 Rxd6 32. Rxd6 Na8 33. Rxa6 Nc7 34. Ra7 Kf6 35. a4 bxa4 36. bxa4 Ke5 37. a5 Kd6 38. a6 Ra3 39. Be2 Kc6 40. Rb7 Nxa6 41. Ra7 Kb6 42. Rxf7 Nc5 43. Rxh7 Nd3 44. Re7 Ra1+ 45. Bf1 Re1 46. Rd7 Ne5 47. Rd2 Kc5 48. Kf2 Re4 49. Be2 Rd4 50. Ra2 Kd6 51. Ra6+ Ke7 52. h3 Rb4 53. Bd1 Kf7 54. Ke3 Rb6 55. Rxb6 Nc4+ 56. Kf4 Nxb6 57. Kg5 Nd7 58. Ba4 Nf8 59. Bb3+ Kg7 60. Bc2 Ne6+ 61. Kg4 Kf6 62. h4 Nd4 63. Bd3 Ne6 64. Bc4 Ng7 65. Bd3 Ne6 66. Kf3 g5 67. Bc4 Ng7 68. Kg4 gxh4 69. Bd3 Ne6 70. Kxh4 Nf4 71. Bf1 Nxg2+ 1/2-1/2

[Event "Titled Tuesday intern op 10th Jan Early"]
[Site "Chess.com INT"]
[Date "2023.01.10"]
[Round "3"]
[White "Kupervaser, Erez"]
[Black "Sattarov, Bobir"]
[Result "1-0"]
[WhiteElo "2293"]
[BlackElo "2392"]
[PlyCount "185"]
[EventDate "2023.01.10"]
[EventType "swiss (blitz)"]
[EventRounds "11"]
[EventCountry "USA"]
[SourceTitle "EXT 2024"]
[Source "ChessBase"]
[SourceDate "2023.10.10"]
[SourceVersion "1"]
[SourceVersionDate "2023.10.10"]
[SourceQuality "1"]

1. e4 e5 2. Nf3 Nc6 3. d4 exd4 4. Nxd4 Bc5 5. Nxc6 bxc6 6. Bd3 Nf6 7. 0-0 d6 8. Nd2 Ng4 9. Nf3 0-0 10. h3 Ne5 11. Nxe5 dxe5 12. Bc4 Qf6 13. Qe2 Rb8 14. Rb1 Bd4 15. c3 Bxc3 16. Be3 Bd4 17. Rfd1 c5 18. b3 Be6 19. Rbc1 Rb7 20. Rc2 Bxc4 21. Rxc4 Qe7 22. Rdc1 Rd8 23. Qe1 g6 24. g3 Rd7 25. Kg2 h5 26. h4 Qe6 27. Qe2 Kg7 28. Ra4 Qb6 29. Ra6 Qb4 30. Ra4 Qb6 31. Ra6 Qb5 32. Qxb5 Rxb5 33. Kf3 Rb7 34. Ke2 Kf8 35. Rc4 Ke7 36. Rca4 Bxe3 37. Kxe3 Rd4 38. Rxa7 Rxa7 39. Rxa7 Kd7 40. Ra5 Kd6 41. Ra6+ Kd7 42. Rf6 c4 43. Rxf7+ Kc8 44. bxc4 Rxc4 45. Rg7 Rc3+ 46. Ke2 Rc2+ 47. Ke3 Rxa2 48. Rxg6 Ra3+ 49. Ke2 Ra4 50. Kf3 Ra3+ 51. Kg2 Kb7 52. Rg5 c5 53. Rxe5 c4 54. Rc5 Rc3 55. f4 Kb6 56. Rxh5 Rc1 57. Rh6+ Kb5 58. Rh8 c3 59. Rc8 Rc2+ 60. Kh3 Kb4 61. Kg4 Re2 62. e5 Re4 63. Kf5 Rc4 64. Rb8+ Kc5 65. Rb1 Kd4 66. Rc1 Ke3 67. e6 Kd2 68. Rg1 c2 69. Kf6 Re4 70. Ra1 Ra4 71. Rg1 Re4 72. Ra1 Ra4 73. Rxa4 c1Q 74. Rd4+ Ke3 75. e7 Qc6+ 76. Kf7 Qb7 77. Rd6 Kf3 78. Re6 Kg4 79. Kf8 Qb4 80. Rg6+ Kf5 81. Rg7 Kf6 82. Rf7+ Ke6 83. f5+ Kd7 84. f6 Qd6 85. Kg7 Qe6 86. Kf8 Qd6 87. g4 Qc5 88. g5 Qb4 89. g6 Qa3 90. g7 Ke6 91. g8Q Qa8+ 92. e8Q+ Qxe8+ 93. Kxe8 1-0